Statistics for Biggest Cities In Iran

Click here to take the quiz!

General Stats

  • This quiz has been taken 56 times
  • The average score is 8 of 15

Answer Stats

RankPopulationCity% Correct
19,135,000Tehran
100%
32,132,000Isfahan
89%
61,565,000Shiraz
84%
23,208,000Mashhad
78%
71,288,000Qom
78%
41,611,000Tabriz
78%
14537,000Kerman
57%
51,592,000Karaj
49%
91,026,000Kermanshah
46%
81,244,000Avaz
38%
15529,000Yazd
38%
11713,000Rasht
30%
10793,000Urmia
30%
12610,000Zagedan
30%
13554,000Hamadan
14%

Score Distribution

Percentile by Number Answered

Percent of People with Each Score

Your Score History

You have not taken this quiz